| 000 | 01422nam2a22003011 4500 | ||
|---|---|---|---|
| 001 | v19\rc\2000371 | ||
| 005 | 20251118181418.9 | ||
| 035 | _a(NLR Aleph) 005089642 | ||
| 090 |
_a7283134 _c7283134 |
||
| 100 | _a20080811d1915 u y0rusy50 ca | ||
| 101 | 0 | _arus | |
| 102 | _aRU | ||
| 105 | _ay z ||||| | ||
| 200 | 1 |
_aКалмыки _h[Ч. 2 _iРаспространение христианства среди калмыков] |
|
| 210 | _d1915 | ||
| 215 | _a700, XVIII, III с. | ||
| 461 | 0 |
_1001v19\rc\2000369 _12001#$aОчерки по истории распространения христианства среди монгольских племен$e(Исследование). Т. 1-$fАрхим. Гурий$vТ. 1 _1700#0$aГурий$cСтепанов, Алексей Иванович$f1880-1938 _97283116 _aГурий (Степанов, Алексей Иванович ; 1880-1938) _cКазань _d1915 _fАрхим. Гурий _o(Исследование). Т. 1- _tОчерки по истории распространения христианства среди монгольских племен _vТ. 1 |
|
| 801 | 0 |
_aRU _bNLR _gpsbo |
|
| 801 | 0 |
_aRU _bRuMoRGB _2psbo |
|
| 801 | 1 |
_aRU _bProSoft-M _2rusmarc |
|
| 852 |
_aNLR _j37.66.7.48(2) |
||
| 899 | _aГПИБ | ||
| 899 | _aНБ СПбГУ | ||
| 899 |
_aRuMoRGB _jV 103/208 |
||
| 899 |
_aRuMoRGB _jV 23/201 |
||
| 899 | _aБАН | ||
| 942 | _cBOOK | ||
| 980 | _aNB | ||